| 000 | 00454nam a2200169Ia 4500 | ||
|---|---|---|---|
| 999 |
_c201 _d201 |
||
| 003 | OSt | ||
| 005 | 20201224122119.0 | ||
| 008 | 190216s9999||||xx |||||||||||||| ||und|| | ||
| 040 | _coclc | ||
| 082 |
_a297.1243 _bMOU/S |
||
| 100 |
_aMoulavi, Alavi _97808 |
||
| 245 | 0 |
_aSahih Muslim / _cAlavi Moulavi |
|
| 260 |
_bIslamic Studies, _c1978. |
||
| 300 | _a427p | ||
| 650 | _aArabic | ||
| 942 |
_cBK _2ddc _h297.1243 _iMOU/S _k297.1243 _mMOU/S |
||